00669nam a2200157 a 450000100100000000500170001000800410002704000250006808200160009310000400010924500570014926000780020630000410028450001210032550400650044600002992520200930055919.0110427s1954 dr ac 000 0 spa d aDO-SdBNPbspacBNPHU axxxbP7623s1 aPolanco Brito, Hugo Eduardo,d1918-10aSalcedo y su historia /cHugo Eduardo Polanco Brito. aCiudad Trujillo, República Dominicana :bImprenta San Francisco,c1954. a305, xxv p. :bil., retrs. ;c23 cm. aEste trabajo fué presentado como tesis para obtener el doctorado en Filosofía de la Universidad de Santo Domingo aIncluye referencias bibliográficas al pie de las páginas